Statistiques concernant foot: Les 10 meilleurs buteurs de la décennie (2011-2020)

Cliquez ici pour prendre le quiz!

Statistiques générales

  • Ce quiz a été pris 2 102 fois
  • Le résultat moyen est 8 sur 10

Statistiques - réponses

nombre de butspays représenté par le joueurjoueur% Correct
550PortugalCristiano Ronaldo
100%
549ArgentineLionel Messi
100%
327BresilNeymar
99%
335UruguayLuis Suarez
97%
417PologneRobert Lewandowski
97%
340SuedeZlatan Ibrahimovic
96%
334UruguayEdinson Cavani
93%
278GabonPierre-emerick Aubameyang
84%
302ArgentineSergio Aguero
75%
265 (évoluait en Arabie Saoudite et aux UAE)Emirats Arabes UnisSebastian Tagliabue
1%

Distribution des résultats

Percentile par nombre de réponses

% des personnes avec chaque résultat

Votre développement - résultats

Vous n’avez pas pris ce quiz